|
|
|
|
| LEADER |
00000nam0a2200000 4500 |
| 001 |
361770 |
| 005 |
20231102011425.0 |
| 035 |
|
|
|a (RuTPU)RU\TPU\retro\19116
|
| 090 |
|
|
|a 361770
|
| 100 |
|
|
|a 20210701d1980 m y0rusy50 ca
|
| 101 |
0 |
|
|a rus
|
| 102 |
|
|
|a RU
|
| 105 |
|
|
|a a z 001zd
|
| 200 |
1 |
|
|a Музыкальная Орловщина
|f П. В. Сизов
|
| 210 |
|
|
|a Тула
|c Приокское кн. изд-во
|d 1980
|
| 215 |
|
|
|a 253 с.
|c ил.
|
| 320 |
|
|
|a Библиогр.: с. 247-251
|
| 600 |
|
1 |
|a Калинников
|b В. С.
|c русский композитор
|f 1866-1900
|g Василий Сергеевич
|2 stltpush
|3 (RuTPU)RU\TPU\pers\11066
|9 2441
|
| 600 |
|
1 |
|a Хренников
|b Т. Н.
|c русский композитор
|f 1913-
|g Тихон Николаевич
|2 stltpush
|3 (RuTPU)RU\TPU\pers\11082
|9 2457
|
| 600 |
|
1 |
|a Глинка
|g Михаил Иванович
|c русский композитор
|f 1804-1857
|b М. И.
|2 stltpush
|3 (RuTPU)RU\TPU\pers\572
|
| 600 |
|
1 |
|a Мусоргский
|b М. П.
|c русский композитор
|f 1839-1881
|g Модест Петрович
|2 stltpush
|3 (RuTPU)RU\TPU\pers\11059
|9 2434
|
| 600 |
|
1 |
|a Чайковский
|g Петр Ильич
|b П. И.
|c русский композитор
|f 1840-1893
|2 stltpush
|3 (RuTPU)RU\TPU\pers\1137
|
| 600 |
|
1 |
|a Танеев
|b С. И.
|c русский композитор
|f 1856-1915
|g Сергей Иванович
|2 stltpush
|3 (RuTPU)RU\TPU\pers\11062
|9 2437
|
| 600 |
|
1 |
|a Аренский
|b А. С.
|c русский композитор
|f 1861-1906
|g Антон Степанович
|2 stltpush
|3 (RuTPU)RU\TPU\pers\11063
|9 2438
|
| 600 |
|
1 |
|a Шаляпин
|b Ф. И.
|c российский певец (бас)
|f 1873-1938
|g Федор Иванович
|2 stltpush
|3 (RuTPU)RU\TPU\pers\7952
|9 1547
|
| 600 |
|
1 |
|a Собинов
|g Леонид Витальевич
|b Л. В.
|c русский певец
|f 1872-1934
|2 stltpush
|3 (RuTPU)RU\TPU\pers\1334
|
| 600 |
|
1 |
|a Рахманинов
|g Сергей Васильевич
|b С. В.
|c российский композитор
|c пианист
|c дирижер
|f 1873-1943
|2 stltpush
|3 (RuTPU)RU\TPU\pers\1121
|
| 606 |
1 |
|
|a Музыкознание
|2 stltpush
|3 (RuTPU)RU\TPU\subj\44582
|9 63893
|
| 610 |
1 |
|
|a музыка
|
| 610 |
1 |
|
|a музыкальная деятельность
|
| 610 |
1 |
|
|a музыкальная культура
|
| 610 |
1 |
|
|a музыкальное творчество
|
| 610 |
1 |
|
|a музыкальные деятели
|
| 610 |
1 |
|
|a Орловская губерния
|
| 610 |
1 |
|
|a история
|
| 610 |
1 |
|
|a 19 век
|
| 675 |
|
|
|a 78.072
|v 4
|
| 700 |
|
1 |
|a Сизов
|b П. В.
|g Павел Васильевич
|
| 801 |
|
1 |
|a RU
|b 63413507
|c 20210701
|
| 801 |
|
2 |
|a RU
|b 63413507
|c 20210701
|g RCR
|
| 942 |
|
|
|c BK
|